MARC

LEADER 00000nam0a2200000 4500
001 288793
005 20231102000126.0
035 |a (RuTPU)RU\TPU\book\313291 
090 |a 288793 
100 |a 20150327d1985 k y0rusy50 ca 
101 0 |a rus 
102 |a RU 
105 |a a z 001zy 
200 1 |a Функциональный анализ. Спектральная теория  |e межвузовский сборник научных трудов  |h Вып. 24  |f Ульяновский государственный педагогический институт им. И. Н. Ульянова (УГПИ) ; под ред. А. В. Штрауса 
210 |a Ульяновск  |c Изд-во УГПИ  |d 1985 
215 |a 160 с.  |c ил. 
320 |a Библиогр. в конце ст. 
606 1 |a Функциональный анализ  |2 stltpush  |3 (RuTPU)RU\TPU\subj\17110  |9 42934 
610 1 |a математика 
610 1 |a спектральная теория 
610 1 |a банаховы пространства 
610 1 |a гильбертовы пространства 
610 1 |a операторы 
610 1 |a множества 
610 1 |a спектральные параметры 
610 1 |a резольвенты 
610 1 |a осцилляционые свойства 
610 1 |a симметрические операторы 
610 1 |a научные труды 
675 |a 517.98  |v 3 
702 1 |a Штраус  |b А. В.  |4 340 
712 0 2 |a Ульяновский государственный педагогический институт им. И. Н. Ульянова (УГПИ)  |c (1932-1994)  |2 stltpush  |3 (RuTPU)RU\TPU\col\22051 
801 1 |a RU  |b 63413507  |c 20150327 
801 2 |a RU  |b 63413507  |c 20180130  |g RCR 
942 |c BK